00837nam a2200181 a 450000100100000000500170001000800410002704000250006808200160009310000340010924501390014326000630028230000200034550001010036570000580046695201140052499900170063800003508520200930074108.0111025s1908 sp 000 0 spa d aDO-SdBNPbspacBNPHU axxxxbR892b1 aRoyo de León, José96074413aLa borrasca :bdrama lírico en un acto, divino en tres cuadros, en verso y prosa /cJosé Royo de León ; música Miguel Santoja. aMadrid :bR. Velasco, imp., Marqués de Santa Ana,c1908. a49 p. ;c20 cm. aEstrenado con éxito estraordinario en el Teatro Barbieri la noche del 12 de noviembre de 1908.12aSantonja Cantó, Miguel,d[1859-1940]emús.960745 001050718MOaGRbGRcHDd2011-10-25iLF1l0oxxxx R892bp35085-10r2020-06-25w2020-06-25y1ZNo se presta c34576d34576